The Last of Us Part II Chapters - Statistics

General Stats
  • This quiz has been taken 5 times
  • The average score is 12 of 46
Answer Stats
Hint Answer % Correct
Jackson Patrol
60%
Ellie Seattle Day 2 The Seraphites
60%
Ellie Seattle Day 1 Channel 13
40%
Ellie Seattle Day 1 Downtown
40%
Ellie Seattle Day 2 Hillcrest
40%
Jackson Packing Up
40%
Jackson Prologue
40%
Jackson The Horde
40%
Santa Barbara The Resort
40%
Ellie Seattle Day 1 The Tunnels
40%
The Park Tracking Lesson
40%
Santa Barbara 2425 Constance
20%
Flashback Birthday Gift
20%
Ellie Seattle Day 1 Capitol Hill
20%
Ellie Seattle Day 1 Eastbrook Elementary
20%
The Farm Epilogue
20%
Flashback Finding Strings
20%
Abby Seattle Day 2 Ground Zero
20%
Abby Seattle Day 1 Hostile Territory
20%
Ellie Seattle Day 3 Infiltration
20%
Abby Seattle Day 1 On Foot
20%
Santa Barbara Pushing Inland
20%
Abby Seattle Day 2 Return to the Aquarium
20%
Abby Seattle Day 1 Return to the Coast
20%
Ellie Seattle Day 3 Road to the Aquarium
20%
Flashback St Mary´s Hospital
20%
Flashback The Aquarium
20%
Santa Barbara The Beach
20%
Jackson The Chalet
20%
Abby Seattle Day 1 The Coast
20%
Abby Seattle Day 3 The Confrontation
20%
Abby Seattle Day 2 The Descent
20%
Abby Seattle Day 3 The Escape
20%
The Farm The Farm
20%
Ellie Seattle Day 3 The Flooded City
20%
Abby Seattle Day 1 The Forest
20%
Abby Seattle Day 1 The Forward Base
20%
Ellie Seattle Day 1 The Gate
20%
Abby Seattle Day 3 The Island
20%
Abby Seattle Day 3 The Marina
20%
Jackson The Overlook
20%
Abby Seattle Day 2 The Shortcut
20%
Abby Seattle Day 1 The Stadium
20%
Ellie Seattle Day 1 The Theatre
20%
Jackson Waking Up
20%
Flashback Winter Visit
20%
No matching quizzes found
Score Distribution
Percent of People with Each Score
Percentile by Number Answered
Your Score History
You have not taken this quiz